Govt. of
Madhya Pradesh

मध्‍यप्रदेश जिना दर्शन एवं सामान्‍य ज्ञान (Record no. 57266)

MARC details
000 -LEADER
fixed length control field 00505nam a22001457a 4500
003 - CONTROL NUMBER IDENTIFIER
control field macl
005 - DATE AND TIME OF LATEST TRANSACTION
control field 20180113132426.0
008 - FIXED-LENGTH DATA ELEMENTS--GENERAL INFORMATION
fixed length control field 180113b xxu||||| |||| 00| 0 eng d
040 ## - CATALOGING SOURCE
Transcribing agency macl
100 ## - MAIN ENTRY--PERSONAL NAME
Personal name डॉ शर्मा डाॅ सुरेद्र सोलंकी
9 (RLIN) 70043
245 ## - TITLE STATEMENT
Title मध्‍यप्रदेश जिना दर्शन एवं सामान्‍य ज्ञान
260 ## - PUBLICATION, DISTRIBUTION, ETC. (IMPRINT)
Place of publication, distribution, etc. आगरा
Name of publisher, distributor, etc. उपकार
650 ## - SUBJECT ADDED ENTRY--TOPICAL TERM
Topical term or geographic name as entry element G.K.
9 (RLIN) 70044
942 ## - ADDED ENTRY ELEMENTS (KOHA)
Source of classification or shelving scheme
Koha item type Hindi Books

No items available.